Bundesliga 2012-2013 Top scorers - Statistics

General Stats
  • This quiz has been taken 25 times
  • The average score is 8 of 11
Answer Stats
Goals Nationality Club Player % Correct
24 Poland Borussia Dortmund Robert Lewandowski
100%
14 Germany Borussia Dortmund Marco Reus
96%
12 South Korea Hamburger SV Son Heung-Min
91%
13 Germany Bayern Munich Thomas Müller
91%
15 Croatia Bayern Munich Mario Mandžukić
87%
25 Germany Bayer Leverkusen Stefan Kießling
83%
15 Bosnia and Herzegovina VfB Stuttgart Vedad Ibišević
74%
16 Germany Eintracht Frankfurt Alexander Meier
61%
13 Hungary Mainz 05 Ádám Szalai
52%
12 Latvia Hamburger SV Artjoms Rudņevs
35%
12 Senegal Hannover 96 Mame Biram Diouf
30%
No matching quizzes found
Score Distribution
Percent of People with Each Score
Percentile by Number Answered
Your Score History
You have not taken this quiz